书目信息 |
| 题名: |
工程造价实训
|
|
| 作者: | 胡晓娟 主编 | |
| 分册: | ||
| 出版信息: | 重庆 重庆大学出版社 2019.08 |
|
| 页数: | 231页 | |
| 开本: | 26cm | |
| 丛书名: | ||
| 单 册: | ||
| 中图分类: | TU723.3 | |
| 科图分类: | ||
| 主题词: | 建筑造价管理--jian zhu zao jia guan li | |
| 电子资源: | ||
| ISBN: | 978-7-5689-1410-9 | |
| 000 | 00829nam0 2200229 450 | |
| 001 | 2039963756 | |
| 005 | 20201107110615.06 | |
| 010 | @a978-7-5689-1410-9@dCNY36.00 | |
| 100 | @a20190924d2019 em y0chiy50 ea | |
| 101 | 0 | @achi |
| 102 | @aCN@b500000 | |
| 105 | @aak a 000yy | |
| 200 | 1 | @a工程造价实训@Agong cheng zao jia shi xun@f主编胡晓娟 |
| 210 | @a重庆@c重庆大学出版社@d2019.08 | |
| 215 | @a231页@c图@d26cm | |
| 320 | @a有书目 (第231页) | |
| 330 | @a本书共分6个项目, 按照工作过程, 结合工程实例, 介绍工程造价的编制方法和编制步骤。主要内容包括: 确定工程造价实训任务及相关条件、编制建筑工程招标工程量清单、编制建筑工程招标控制价等。 | |
| 606 | 0 | @a建筑造价管理@Ajian zhu zao jia guan li |
| 690 | @aTU723.3@v5 | |
| 701 | 0 | @a胡晓娟@Ahu xiao juan@4主编 |
| 801 | 0 | @aCN@b人天书店@c20200930 |
| 905 | @aZUCC@dTU723.3@eH512 | |
| 工程造价实训/主编胡晓娟.-重庆:重庆大学出版社,2019.08 |
| 231页:图;26cm |
| ISBN 978-7-5689-1410-9:CNY36.00 |
| 本书共分6个项目, 按照工作过程, 结合工程实例, 介绍工程造价的编制方法和编制步骤。主要内容包括: 确定工程造价实训任务及相关条件、编制建筑工程招标工程量清单、编制建筑工程招标控制价等。 |
| ● |
| 相关链接 |
|
|
|
正题名:工程造价实训
索取号:TU723.3/H512
 
预约/预借
| 序号 | 登录号 | 条形码 | 馆藏地/架位号 | 状态 | 备注 |
| 1 | 1485098 | 214850981 | 建筑库201/201建筑库 34排4列2层/ [索取号:TU723.3/H512] | 在馆 | |
| 2 | 1485099 | 214850990 | 建筑库201/201建筑库 34排4列2层/ [索取号:TU723.3/H512] | 在馆 |